Sporcle Crossword: Knock, Knock Quiz Stats

Quiz Updated Jul 2, 2015

Challenge
Share
Tweet
Score 0/187 Timer 20:00
0 Plays Today
% Correct
 W
89.4%
 P
87.8%
 A
87.5%
 S
87.4%
 L
87.4%
 E
87.2%
 F
86.9%
 A
86.8%
 E
86.4%
 E
86.4%
 E
86%
 A
85.8%
 R
85.7%
 A
85.1%
 R
85.1%
 N
85%
 S
84.9%
 S
84.6%
 D
84.2%
 M
84.1%
 L
83.8%
 O
83.5%
 E
83%
 E
83%
 R
82.9%
 T
82.4%
 E
82.2%
 N
81.7%
 Y
81.4%
 D
81.4%
 S
80.7%
 O
80.2%
 N
79.9%
 C
79.9%
 A
79.8%
 T
79.7%
 L
79.5%
 R
79.4%
 D
79%
 H
78.6%
 Y
78.5%
 E
77.7%
 S
77.4%
 A
77.4%
 R
77.3%
 T
77.2%
 L
77.2%
 I
76.9%
 E
76.7%
 W
76.5%
 T
76.3%
 I
76.1%
 O
75.6%
 G
75.6%
 I
75.4%
 A
75.4%
 I
75.2%
 D
75.2%
 E
75%
 N
74.8%
 R
74.8%
 N
74.8%
 I
74.7%
% Correct
 U
74.6%
 H
74.2%
 B
74.1%
 R
74%
 E
73.8%
 L
73.8%
 H
73.7%
 U
73.4%
 A
73.4%
 E
73.3%
 R
73.3%
 T
73.2%
 B
73.2%
 E
73.1%
 O
73.1%
 G
73%
 P
72.8%
 L
72.8%
 Y
72.4%
 S
72.4%
 S
72.1%
 S
72.1%
 E
72%
 K
72%
 B
71.6%
 E
71.6%
 T
71.6%
 R
71.6%
 A
71.5%
 A
71.3%
 A
71.2%
 H
71.2%
 A
71.1%
 O
71%
 A
71%
 U
70.8%
 E
70.7%
 A
70.6%
 A
70.5%
 E
70.5%
 H
70.4%
 D
70.3%
 C
70.1%
 K
70%
 A
69.7%
 N
69.7%
 V
69.6%
 E
69.4%
 R
69.4%
 D
69.2%
 M
69.1%
 A
68.9%
 E
68.8%
 P
68.8%
 Y
68.6%
 S
68.6%
 N
68.6%
 A
68.4%
 I
68.3%
 E
68.2%
 T
68.2%
 T
67.8%
 R
67.6%
% Correct
 D
67.5%
 W
67.5%
 T
67.3%
 I
67.1%
 T
66.9%
 N
66.6%
 I
66.5%
 S
66.4%
 O
66.3%
 A
66.2%
 E
66%
 I
65.8%
 A
65.7%
 E
65.4%
 S
65.1%
 S
65.1%
 S
65.1%
 A
65%
 E
64.9%
 I
64.8%
 H
64.6%
 O
64.6%
 M
64.6%
 U
64.2%
 S
63.8%
 O
63.5%
 I
63%
 R
62.7%
 R
62.5%
 I
62%
 R
61.5%
 C
60.8%
 E
60.8%
 S
60.5%
 O
60.5%
 N
60%
 O
59.5%
 S
59.5%
 A
59.1%
 T
59.1%
 S
59%
 E
58.3%
 S
58.1%
 R
58.1%
 A
57.5%
 E
57.4%
 N
56.4%
 Y
55.6%
 B
55.4%
 L
54.3%
 L
54.2%
 A
54.1%
 T
53.3%
 I
53.2%
 T
51.4%
 S
51.3%
 B
50.7%
 V
47.2%
 I
46.4%
 T
45.3%
 I
44.4%

You're not logged in!

Compare scores with friends on all Sporcle quizzes.
Join for Free
OR
Log In

You Might Also Like...

Show Comments

Extras

Top Quizzes Today


Score Distribution

Your Account Isn't Verified!

In order to create a playlist on Sporcle, you need to verify the email address you used during registration. Go to your Sporcle Settings to finish the process.

Report this User

Report this user for behavior that violates our Community Guidelines.

Details: